Online Catalogue and eLibrary

Channels : (Record no. 3177)

MARC details
000 -LEADER
fixed length control field 00470nam a2200169Ia 4500
005 - DATE AND TIME OF LATEST TRANSACTION
control field 20241004034523.0
008 - FIXED-LENGTH DATA ELEMENTS--GENERAL INFORMATION
fixed length control field 240331s9999 xx 000 0 und d
020 ## - INTERNATIONAL STANDARD BOOK NUMBER
ISBN 10139249
082 ## - DDC Classification
Item Number - Author Mark Cha
Class No. 820
245 #0 - TITLE STATEMENT
Title Channels :
Remainder of title a journal of creative writing - Volume 5 No.1
260 ## - PUBLICATION, DISTRIBUTION, ETC.
Place of publication, distribution, etc. Colombo
Name of publisher, distributor, etc. The English Writers Cooperative of Sri Lanka
Date of publication, distribution, etc. 1994
300 ## - PHYSICAL DESCRIPTION
Extent (e.g. Volumes, Pages etc.) 63 p .,
650 ## - SUBJECT ADDED ENTRY--TOPICAL TERM
Topical term or geographic name entry element Short Stories
650 ## - SUBJECT ADDED ENTRY--TOPICAL TERM
Topical term or geographic name entry element Poetry
700 ## - ADDED ENTRY--PERSONAL NAME
Personal name Ranasinghe, Anne,
Relator term (Role) Editor
942 ## - Koha item type (Biblio)
Koha item type Books in Stacks (Lending)
Holdings
Lost status Damaged status Collection code Home library Current library Shelving location Date acquired Full call number Accession Number Item type
    Lending WERC Library WERC Library Social Science Cupboard 03/31/2024 820 Cha 3406 Books in Stacks (Lending)

© WERC Library